| 000 | 00449nam a22001337a 4500 | ||
|---|---|---|---|
| 082 | _aBEE-2 ARE | ||
| 100 |
_aAreesh Tahir _992225 |
||
| 245 | _aE-MAA Pre-natal Remote Monitoring Unit: High Impact, Maximum Outreach | ||
| 260 |
_aIslamabad _bNUST-SEECS _c2014 |
||
| 500 | _aSupervisor: Dr.Osman Hassan | ||
| 700 |
_aAreesh Tahir, Atif Khan, M. Sohaib Jasim _992226 |
||
| 856 | _uhttp://10.250.8.41:8080/xmlui/handle/123456789/10644 | ||
| 942 |
_cPR _2ddc |
||
| 999 |
_c12945 _d12945 |
||